000 00643nam a2200205Ia 4500
003 OSt
005 20250522120121.0
008 210210b1980 xxu||||| |||| 00| 0 eng d
040 _cAL
041 _aKannada
082 _aK894.9 ANAS
100 _aANANTAMURTI (U R)
_9202821
_dಯು ಆರ್ ಅನಂತಮೂರ್ತಿ
245 _aSamakshama
_bಸಮಕ್ಷಮಾ
260 _aMaisuru
_bAnanya Prakashana
_c1980
300 _a200
650 _aKaranta Adiga Rajiva Sneha Sadashiva Pavem Samskara Ghatashraddha Aparichitaru Masti Alanahalli
_9202822
690 _aKannada Criticism
_9202823
906 _a034964
942 _2ddc
_cBK
999 _c85831
_d85831